<?xml version='1.0' encoding='UTF-8'?>
  <record xmlns="http://www.loc.gov/MARC21/slim">
    <leader>00000cam a22000007i 4500</leader>
    <controlfield tag="001">ocm67809190</controlfield>
    <controlfield tag="003">OCoLC</controlfield>
    <controlfield tag="005">20250724062253.3</controlfield>
    <controlfield tag="008">990308s1589    gw            000 0 ger d</controlfield>
    <datafield tag="040" ind1=" " ind2=" ">
      <subfield code="a">NLGGC</subfield>
      <subfield code="b">eng</subfield>
      <subfield code="e">rda</subfield>
      <subfield code="e">dcrmr</subfield>
      <subfield code="c">NLGGC</subfield>
      <subfield code="d">QGJ</subfield>
      <subfield code="d">OCLCL</subfield>
      <subfield code="d">QGJ</subfield>
    </datafield>
    <datafield tag="029" ind1="0" ind2=" ">
      <subfield code="a">NLGGC</subfield>
      <subfield code="b">180954679</subfield>
    </datafield>
    <datafield tag="035" ind1=" " ind2=" ">
      <subfield code="a">(OCoLC)67809190</subfield>
    </datafield>
    <datafield tag="100" ind1="1" ind2=" ">
      <subfield code="a">Utzinger, Alexander,</subfield>
      <subfield code="d">-1591,</subfield>
      <subfield code="e">author.</subfield>
      <subfield code="4">aut</subfield>
    </datafield>
    <datafield tag="245" ind1="1" ind2="0">
      <subfield code="a">Christlicher Sendbrieff  An alle from̃[m]e Christen, die jtzo vmb der Euangelischen warheit willen von jrer eigenen Obrigkeit, wider Gott vnd Recht verfolget, geplagt vnd verjagt.werden, im Lande zu Francken. :</subfield>
      <subfield code="b">Jtem, Bericht vom Abfall vnd verleugung, was daran fur Sünde geschehen vnd wie einer derselbigen doch auch widerumb ledig werden, vnd zu gnade kommen könne : Zur straffe der abgefallenen vnd sichern, Auch Trost vnd rhat derer, so jres abfals wegen bekümmert sind. Desgleichen vom Christenbawm im Franckenland. /</subfield>
      <subfield code="c">Geschrieben Zum newen Jhar, durch M. Alexandrum Vtzinger, Pfarrherrn am Berge zu Schmalkalden.</subfield>
    </datafield>
    <datafield tag="246" ind1="3" ind2=" ">
      <subfield code="a">Christlicher Sendbrieff An alle fromme Christen, die itzo umb der Evangelischen warheit willen von irer eigenen Obrigkeit, wider Gott und Recht, verfolget, geplagt und verjagt werden, im Lande zu Francken</subfield>
    </datafield>
    <datafield tag="264" ind1=" " ind2="1">
      <subfield code="a">Gedruckt zu Schmalkalden, :</subfield>
      <subfield code="b">bey Michel Schmück.,</subfield>
      <subfield code="c">1589.</subfield>
    </datafield>
    <datafield tag="300" ind1=" " ind2=" ">
      <subfield code="a">[40] pages ;</subfield>
      <subfield code="c">20 cm (4to)</subfield>
    </datafield>
    <datafield tag="336" ind1=" " ind2=" ">
      <subfield code="a">text</subfield>
      <subfield code="b">txt</subfield>
      <subfield code="2">rdacontent</subfield>
    </datafield>
    <datafield tag="337" ind1=" " ind2=" ">
      <subfield code="a">unmediated</subfield>
      <subfield code="b">n</subfield>
      <subfield code="2">rdamedia</subfield>
    </datafield>
    <datafield tag="338" ind1=" " ind2=" ">
      <subfield code="a">volume</subfield>
      <subfield code="b">nc</subfield>
      <subfield code="2">rdacarrier</subfield>
    </datafield>
    <datafield tag="340" ind1=" " ind2=" ">
      <subfield code="m">4to</subfield>
      <subfield code="2">rdabf</subfield>
    </datafield>
    <datafield tag="500" ind1=" " ind2=" ">
      <subfield code="a">Imprint: 1589.</subfield>
    </datafield>
    <datafield tag="500" ind1=" " ind2=" ">
      <subfield code="a">Place of publication and printer's name from colophon.</subfield>
    </datafield>
    <datafield tag="500" ind1=" " ind2=" ">
      <subfield code="a">Initial.</subfield>
    </datafield>
    <datafield tag="500" ind1=" " ind2=" ">
      <subfield code="a">Signatures: A-E⁸.</subfield>
    </datafield>
    <datafield tag="505" ind1="0" ind2="0">
      <subfield code="g">Contains also:</subfield>
      <subfield code="t">Bericht von Abfall vnd Verleugnung des heiligen Euangelij. : Erstlich Was daran für Sünde geschehen --</subfield>
      <subfield code="t">Vom Christenbawm im Franckenland.</subfield>
    </datafield>
    <datafield tag="510" ind1="4" ind2=" ">
      <subfield code="a">Verzeichnis der im deutschen Sprachbereich erschienenen Drucke des 16. Jahrhunderts (VD 16),</subfield>
      <subfield code="c">U 409</subfield>
      <subfield code="u">https://gateway-bayern.de/VD16+U+409</subfield>
    </datafield>
    <datafield tag="510" ind1="4" ind2=" ">
      <subfield code="3">Utzinger, Alexander. Bericht vom Abfall und Verleugnung, was daran für Sünde geschehen:</subfield>
      <subfield code="a">Verzeichnis der im deutschen Sprachbereich erschienenen Drucke des 16. Jahrhunderts (VD 16),</subfield>
      <subfield code="c">U 405</subfield>
      <subfield code="u">https://gateway-bayern.de/VD16+U+405</subfield>
    </datafield>
    <datafield tag="510" ind1="4" ind2=" ">
      <subfield code="3">Utzinger, Alexander. Vom Christenbaum im Frankenland:</subfield>
      <subfield code="a">Verzeichnis der im deutschen Sprachbereich erschienenen Drucke des 16. Jahrhunderts (VD 16),</subfield>
      <subfield code="c">U 420</subfield>
      <subfield code="u">https://gateway-bayern.de/VD16+U+420</subfield>
    </datafield>
    <datafield tag="700" ind1="1" ind2="2">
      <subfield code="i">Container of (work):</subfield>
      <subfield code="a">Utzinger, Alexander,</subfield>
      <subfield code="d">-1591.</subfield>
      <subfield code="t">Bericht vom Abfall und Verleugnung, was daran für Sünde geschehen.</subfield>
    </datafield>
    <datafield tag="700" ind1="1" ind2=" ">
      <subfield code="i">Container of (work):</subfield>
      <subfield code="a">Utzinger, Alexander,</subfield>
      <subfield code="d">-1591.</subfield>
      <subfield code="t">Vom Christenbaum im Frankenland.</subfield>
    </datafield>
    <datafield tag="700" ind1="1" ind2=" ">
      <subfield code="a">Schmuck, Michael,</subfield>
      <subfield code="d">1535-1606,</subfield>
      <subfield code="e">printer.</subfield>
      <subfield code="4">prt</subfield>
      <subfield code="1">https://id.oclc.org/worldcat/entity/E39PBJhhkMPjXvhFCRMV9Bwgrq</subfield>
    </datafield>
    <datafield tag="752" ind1=" " ind2=" ">
      <subfield code="a">Germany</subfield>
      <subfield code="d">Schmalkalden,</subfield>
      <subfield code="e">publication place.</subfield>
      <subfield code="4">pup</subfield>
    </datafield>
    <datafield tag="758" ind1=" " ind2=" ">
      <subfield code="i">has work:</subfield>
      <subfield code="a">Christlicher Sendbrieff an alle fromme Christen, die itzo umb der Evangelischen Warheit willen von irer eigenen Obrigkeit, wider Gott und Recht, verfolget, geplagt und verjagt werden, im Lande zu Francken (Text)</subfield>
      <subfield code="1">https://id.oclc.org/worldcat/entity/E39PCYg7kCpkBDHW9MhxfKPTQC</subfield>
      <subfield code="4">https://id.oclc.org/worldcat/ontology/hasWork</subfield>
    </datafield>
  </record>